00366nam a2200133 a 450000500170000000800410001702000180005805000200007610000160009624500650011226000280017730000090020544000180021420140412111323.0110408s19uu xx 00 eng d a0-679-81643-7 aERbTh32sh 1991 aAwdry, Rev. aThomas the tank engine :bshapes and sizes /cRev. W. Adwry. aU.S.A :bRandom,c1991. aunp. aToddler books